| 000 | 00369nam a2200157Ia 4500 | ||
|---|---|---|---|
| 008 | 230711s9999||||xx |||||||||||||| ||und|| | ||
| 041 | _aENG | ||
| 082 |
_a5.133 _bHA-M |
||
| 100 | _aHoffman, Kevin | ||
| 245 | 0 | _aMicrosoft visual C# 2005 | |
| 250 | _a1st . Ed. | ||
| 260 |
_c2006 _aNee Delhi _bPearson |
||
| 300 | _a692 | ||
| 650 | _aComputer Engineering | ||
| 942 | _cBK | ||
| 999 |
_c4685 _d4685 |
||